<?xml version="1.0" encoding="UTF-8"?>
<collection xmlns="http://www.loc.gov/MARC21/slim">
 <record>
  <leader>01944nam a2200217Ia 4500</leader>
  <controlfield tag="001">CTU_239077</controlfield>
  <controlfield tag="008">210402s9999    xx            000 0 und d</controlfield>
  <datafield tag="082" ind1=" " ind2=" ">
   <subfield code="a">005.1</subfield>
  </datafield>
  <datafield tag="082" ind1=" " ind2=" ">
   <subfield code="b">H309</subfield>
  </datafield>
  <datafield tag="088" ind1=" " ind2=" ">
   <subfield code="a">8520216</subfield>
  </datafield>
  <datafield tag="100" ind1=" " ind2=" ">
   <subfield code="a">Dương, Hoàng Hiếu</subfield>
  </datafield>
  <datafield tag="245" ind1=" " ind2="0">
   <subfield code="a">Hệ thống tự động giám sát thông số môi trường nước ao nuôi tôm :</subfield>
  </datafield>
  <datafield tag="245" ind1=" " ind2="0">
   <subfield code="b">Luận văn tốt nghiệp Cao học ngành: Kỹ thuật điều khiển và Tự động hóa</subfield>
  </datafield>
  <datafield tag="245" ind1=" " ind2="0">
   <subfield code="c">Dương Hoàng Hiếu ; Nguyễn Cao Quí (cán bộ hướng dẫn)</subfield>
  </datafield>
  <datafield tag="260" ind1=" " ind2=" ">
   <subfield code="a">Cần Thơ</subfield>
  </datafield>
  <datafield tag="260" ind1=" " ind2=" ">
   <subfield code="b">Trường Đại học Cần Thơ</subfield>
  </datafield>
  <datafield tag="260" ind1=" " ind2=" ">
   <subfield code="c">2020</subfield>
  </datafield>
  <datafield tag="520" ind1=" " ind2=" ">
   <subfield code="a">Nghiên cứu đã ứng dụng bộ vi điều khiển Arduino mega 2560 trong việc xây dựng mô hình giám sát chất lượng môi trường nước cho ao nuôi tôm nhằm hạn chế tác động của sự thay đổi môi trường đến năng suất và chất lượng của tôm. Hệ thống được thiết kế để giám sát một số thông số chính của môi trƣờng như nhiệt độ nước, độ pH trong ao nuôi, lượng oxy hòa tan trong nước. Kết quả thực nghiệm cho thấy mô hình có khả năng tự động giám sát các thông số trên thông qua Wifi báo lên aap blynk trên điện thoại nhắn giúp cho người quản lý ao nuôi thuận lợi trong việc giám sát các ao nuôi tôm. Kết quả nghiên cứu làm cơ sở cho việc giám sát trở nên dễ dàng hơn, hiệu quả hơn.</subfield>
  </datafield>
  <datafield tag="650" ind1=" " ind2=" ">
   <subfield code="a">Application software,Phần mềm ứng dụng</subfield>
  </datafield>
  <datafield tag="650" ind1=" " ind2=" ">
   <subfield code="x">Development,Phát triển</subfield>
  </datafield>
  <datafield tag="980" ind1=" " ind2=" ">
   <subfield code="a">Trung tâm Học liệu Trường Đại học Cần Thơ</subfield>
  </datafield>
 </record>
</collection>
